| 000 | 01123nam a22003497a 4500 | ||
|---|---|---|---|
| 001 | 000684 | ||
| 003 | DO-SdBPM | ||
| 005 | 20250901103423.0 | ||
| 007 | ta | ||
| 008 | 161111b2007 ag a |||| 00| 0 spa d | ||
| 020 | _a987040071 X | ||
| 040 |
_aDO-SdBPM _bspa _cBPMSU _erda |
||
| 082 | 4 |
_aA863.6 _bP473p 2007 _222 |
|
| 100 | 1 |
_aPescetti, Luis María _d1958- _eautor |
|
| 245 | 1 | 3 |
_aEl pulpo está crudo / _cLuis María Pecetti. ilustraciones de O'Kif. |
| 250 | _a | ||
| 264 |
_aBuenos Aires, Argentina _bAlfaguara, _c2007. |
||
| 300 |
_a62 págianas : _bilustraciones ; _c20 cm. |
||
| 336 |
_atexto _btxt _2rdacontent |
||
| 337 |
_asin mediación _bn _2rdamedia |
||
| 338 |
_avoluemen _bnc _2rdacarrier |
||
| 490 | 0 | _aAlfaguara Infantil. | |
| 500 | _aPara niños a partir de los 8 años. | ||
| 500 | _a | ||
| 590 | _aInventariado, 20225/VM | ||
| 650 | 7 | _aCuentos infantiles argentinos. | |
| 650 | 7 |
_aHumorismo _vCuentos infantiles. |
|
| 650 | 7 | _aLibros ilustrados para niños | |
| 700 | 1 |
_aO'Kif. _eilustración |
|
| 910 | _aLOPEREZ/ VMateo V. Control de calidad. BPMSU | ||
| 942 |
_2ddc _cBK |
||
| 999 |
_c11905 _d11905 |
||